Statistics for UK Counties

Click here to take the quiz!

General Stats

  • This quiz has been taken 1,254 times
  • The average score is 3 of 7

Answer Stats

HintAnswer% Correct
Cumbria
79%
Cornwall
76%
Cambridgeshire
65%
Cheshire
64%
Clwyd
8%
Clackmannanshire
6%
Caithness
5%

Score Distribution

Percentile by Number Answered

Percent of People with Each Score

Your Score History

You have not taken this quiz